| 000 | 00618nam a22002173a 4500 | ||
|---|---|---|---|
| 005 | 20230131063601.0 | ||
| 008 | 011002s1999 mx r 000 0 spa d | ||
| 020 | _a9701829573 | ||
| 035 | _aUPN01000112436 | ||
| 049 | _aCG | ||
| 050 | 4 |
_aQC981.8 C5 _bR5.2 |
|
| 100 | 1 | _aRivera Avila, Miguel Angel | |
| 245 | 1 | 3 |
_aEl cambio climático / _cMiguel Angel Rivera Avila. |
| 260 |
_aMéxico : _bCNCA, _c1999. |
||
| 300 |
_a63 p. : _bil. |
||
| 440 | 0 | _aTercer milenio | |
| 650 | 4 |
_aCLIMATOLOGIA - _xINVESTIGACION _910886 |
|
| 650 | 4 |
_aECOLOGIA - _xINVESTIGACION _916692 |
|
| 650 | 2 |
_aMedio ambiente _95286 |
|
| 905 | _aLibro | ||
| 999 |
_c86344 _d86344 |
||